| 000 | 00436nam a2200169Ia 4500 | ||
|---|---|---|---|
| 008 | 210210b1986 xxu||||| |||| 00| 0 eng d | ||
| 020 | _a4 7557 0113 9 | ||
| 082 | _a612 GUYT | ||
| 100 | _aGUYTON (Arthur C). | ||
| 245 | _aTextbook of medical physiology Ed 7. | ||
| 250 | _a | ||
| 260 |
_aLondon _bW B Saunders Co., _c1986 |
||
| 300 | _axxvii,1057 | ||
| 650 | _aMedical Physiology | ||
| 690 | _aMedical Science | ||
| 906 | _a038983 | ||
| 999 |
_c89335 _d89335 |
||